02275nam a2200301uu 4500001000800000005001700008008004100025020001800066035001200084040001300096041000800109080000600117080000600123082000800129100002800137245004700165260003900212300001800251505065800269520080600927650003701733650002101770650003201791650004101823650002001864650003301884650005601917129306020260508074847.0120810s2011 spa  a9788471126450 a1293060 ccomduadb aspa aQ aP 4a30010aSimons, Helen4auteaut13aEl estudio de caso : teoría y práctica aMadrid :bEdiciones Morata,c2011. a262 páginas aCONTENIDO : Introducción. -- Evolución y concepto de la investigación con estudio de caso. -- Planificar, diseñar, obtener acceso. -- Escuchar, mirar, documentar : métodos de la investigación con estudio de casos. -- ¿Quiénes son ellos? Estudiar a los otros. -- ¿Quiénes somos nosotros? Estudiar nuestro "yo". -- ¿A quién pertenecen los datos? La ética en la investigación con estudio de caso. -- Empezar por el principio : el análisis y la interpretación. -- De los datos a la historia : ejemplos prácticos. -- Partir de cualquier punto : informar y escribir. -- Falsos mitos sobre la investigación con estudio de caso.3 aEsta obra explora de una forma práctica el estudio de caso. La autora aprovecha su amplia experiencia en la materia para mostrarnos de una forma exhaustiva cómo diseñar, conducir y publicar sobre investigación cualitativa. Contribuye a despejar las dudas más comunes en el estudio de caso. Los cuatro apartados del título se refieren a: El concepto y el diseño del estudio de caso. Metodología, ética y reflexiones sobre el estudio de caso. Interpretar y analizar los resultados. Generalizaciones y teorías en el estudio de caso. Estudio de caso, investigación y práctica resulta un texto ideal para los que estudian y realizan investigación cualitativa, los profesionales que trabajan en el ámbito sanitario así como todos aquellos relacionados con disciplinas sociales. 7aInvestigación cualitativa2dcs 0aEstudios de caso aInformes de investigación aCiencias sociales - Estudio de casos 0aTeoría social 7aInvestigación social2lemb 7aInvestigación científicaxMetodología2armarc